000 00413nam a2200133Ia 4500
008 151021s9999 xx 000 0 und d
020 _a9.780070265e+012
245 _a_TCP/IP (2nd ed) Architecture,Protocal,and Implementation with IPv6 and IP Security
260 _aIndia McGraw-Hill 1996
300 _axxix,577p.;ill
500 _aInclude Index
650 _a_TCP/IP
980 _a^d20110120 09:21:34^okilerai
999 _c6237
_d6237